Normal view
MARC view
- Dr. Khaliq ur Rashid Kayani
Entry Personal Name
001 - CONTROL NUMBER
- control field: 27524
003 - CONTROL NUMBER IDENTIFIER
- control field: NUST
005 - DATE AND TIME OF LATEST TRANSACTION
- control field: 20200113144057.0
008 - FIXED-LENGTH DATA ELEMENTS
- fixed length control field: 200113|| aca||aabn | a|a d
040 ## - CATALOGING SOURCE
- Original cataloging agency: NUST
- Transcribing agency: NUST
100 ## - HEADING--PERSONAL NAME
- Personal name: Dr. Khaliq ur Rashid Kayani
670 ## - SOURCE DATA FOUND
- Source citation: Work cat.: (NUST): Ahmed, Sajjad 27523, Effect of Mild Confinement on Flexural Behavior of Reinforced Concrete Beams /, 2015.
